000 00782cab a2200253 4500
001 WB2908-23
008 090401t1993 xxu||||| |||| 00| 0 eng d
035 _a(Sirsi) u59192
041 _aeng
245 _aWheelclamping on private land
260 _c1993
350 _a0
490 _aHome Office News Release
_v(46/93) 23 February 1993 (4)
520 _aOutlines proposals in the Home Office consultation paper "Wheelclamping on Private Land" aimed at tackling problems associated with wheelclamping vehicles parked on private land in England and Wales.
650 _aCIVIL LAW
650 _aPRIVATE LAND
650 _aPRIVATE PROPERTY
650 _aTRESPASS
650 _aWHEELCLAMPING
690 _aLAND
690 _aLAW
942 _n0
948 _c04/03/1997
999 _c36281
_d36281